000 00337nam a2200133 a 4500
005 20140414131849.0
008 100727s19uu xx 00 eng d
050 _aM 363.37
_bD39 2000
100 _aDemarest, Chris
245 _aFirefighters.
260 _aNew York :
_bScholastic,
_c2000.
650 _aFire prevention
999 _c110082
_d110082